Los orígenes de la obra de Larra / (Record no. 60127)

MARC details
000 -LEADER
campo de control de longitud fija 00766nam a2200217 i 4500
001 - NÚMERO DE CONTROL
campo de control 60127
003 - IDENTIFICADOR DE NÚMERO DE CONTROL
campo de control ES-MaACL
005 - FECHA Y HORA DE LA ÚLTIMA TRANSACCIÓN
campo de control 20250930063055.0
007 - CAMPO FIJO DE DESCRIPCIÓN FÍSICA--INFORMACIÓN GENERAL
campo de control de longitud fija t|
008 - DATOS DE LONGITUD FIJA--INFORMACIÓN GENERAL
campo de control de longitud fija 031103s1973 sp ||||1| spa d
080 ## - NÚMERO DE LA CLASIFICACIÓN DECIMAL UNIVERSAL
Número de la Clasificación Decimal Universal 821.134.2 Larra, Mariano José 1.06
100 1# - ENTRADA PRINCIPAL--NOMBRE DE PERSONA
Nombre de persona Escobar, José,
Fechas asociadas al nombre 1933-
9 (RLIN) 144167
245 14 - MENCIÓN DEL TÍTULO
Título Los orígenes de la obra de Larra /
Mención de responsabilidad, etc. José Escobar.
260 ## - PUBLICACIÓN, DISTRIBUCIÓN, ETC.
Lugar de publicación, distribución, etc. [Madrid] :
Nombre del editor, distribuidor, etc. Prensa Española,
Fecha de publicación, distribución, etc. 1973.
300 ## - DESCRIPCIÓN FÍSICA
Extensión 359 p. ;
Dimensiones 18 cm.
490 1# - MENCIÓN DE SERIE
Mención de serie El Soto. Estudios de Crítica y Filosofía ;
Designación de volumen o secuencia 23
600 17 - PUNTO DE ACCESO ADICIONAL DE MATERIA--NOMBRE DE PERSONA
Nombre de persona Larra, Mariano José de,
Fechas asociadas al nombre 1809-1837-
Subdivisión general Crítica e interpretación
Fuente del encabezamiento o término
9 (RLIN) 140327
830 0# - PUNTO DE ACCESO ADICIONAL DE SERIE-TÍTULO UNIFORME
Título uniforme El Soto. Estudios de Crítica y Filosofía ;
Designación de volumen o secuencia 23
9 (RLIN) 226328
852 ## - LOCALIZACIÓN
Ubicación ES-MaACL
Número de control de estantería C-55841
Sublocalización o colección R.88630
Holdings
Estatus retirado Estado de pérdida Estado de daño No para préstamo Biblioteca de origen Biblioteca actual Ubicación en estantería Fecha de adquisición Fuente de adquisición Total de préstamos Signatura topográfica completa Código de barras Visto por última vez Precio de reemplazo Tipo de ítem Koha
        Biblioteca del Ateneo de Madrid Biblioteca del Ateneo de Madrid Depósito 2 17/01/2008     C-55841 1063066 23/02/2023 23/02/2023 Libro impreso